| 000 | 01822nam a22002777a 4500 | ||
|---|---|---|---|
| 999 |
_c63307 _d63307 |
||
| 003 | Ge_BSU | ||
| 005 | 20250801121146.0 | ||
| 008 | 250801s2025 ge ||||| |||| 00| 0 geo d | ||
| 020 | _a9789941995552 | ||
| 041 | _ageo | ||
| 080 | _a39(038) ე-41 | ||
| 245 |
_aლაზური ეთნოლოგიური ლექსიკონი = Laz Ethnological Dictionary / _cავტორ-შემდგენლები: ნუგზარ მგელაძე, თემურ ტუნაძე, ციალა ნარაკიძე [და სხვა] ; პროექტის ავტორი, მთ. რედაქტორი და სამეცნ. ხელმძღვანელი ნუგზარ მგელაძე ; |
||
| 264 |
_aთბილისი : _b საჩინო, _c2025. |
||
| 300 |
_a616 გვ. : _bფოტ. ; _c29 სმ. |
||
| 504 | _aბიბლიოგრაფია: გვ. 599-613. | ||
| 546 | _aთავფურცელი ინგლისურ ენაზე. | ||
| 653 | _aლაზური ეთნოლოგიური ლექსიკონი | ||
| 653 | _aლაზური ლექსიკონი | ||
| 653 | _aLaz Ethnological Dictionary | ||
| 700 |
_aმგელაძე, ნუგზარ _925728 |
||
| 700 |
_a ტუნაძე, თემურ _925729 |
||
| 700 |
_a ნარაკიძე, ციალა _eდა სხვ _925730 |
||
| 710 | _4ბათუმის შოთა რუსთაველის სახელმწ. უნივერსიტეტი, ჰუმანიტარულ მეცნიერებათა ფაკულტეტი, ქართველოლოგიის ცენტრი. | ||
| 773 | _tნაჩუქარი | ||
| 942 |
_2udc _cBK |
||